000 00329pab a2200133 454500
008 180718b1997 xxu||||| |||| 00| 0 eng d
245 _aThinking in organizations: special issue
260 _c1997
300 _ap.845-952
362 _aNov
650 _aOrganizations
773 _aJournal of Management Studies
909 _a36644
999 _c36644
_d36644